Cargando...

Brotherhoods and secret societies in early and mid-qing China: Formation of a tradition /

Detalles Bibliográficos
Autor Principal: Ownby, David
Formato: Printed Book
Idioma:English
Publicado: Stanford : Stanford University Press, 1996.
LEADER 00851nam a2200169Ia 4500
008 150624b xxu||||| |||| 00| 0 eng d
020 |a 0804726515 
020 |a 804726515 
082 |a 366.0951 
100 |a Ownby, David 
245 |a Brotherhoods and secret societies in early and mid-qing China:  |b Formation of a tradition /  |c David Ownby 
260 |a Stanford :  |b Stanford University Press,  |c 1996. 
300 |a 235 p. 
505 |a 1. Brotherhood associations in southeast China through the Lin Shuangwen rebellion 2. Brotherhood associations, secret societies, and rebellion: background to the Lin Shuangwen uprising 3. Rebellions with and without secret societies: Zhu Yigui and lin Sh 
942 |c BK 
999 |c 51245  |d 51245 
952 |0 0  |1 0  |4 0  |6 366_095100000000000_OWN_B  |7 0  |9 51223  |a UL  |b UL  |c ST1  |d 2012-10-27  |l 0  |o 366.0951 OWN/B  |p 74099  |r 2012-10-27  |w 2012-10-27  |y BK